Statistiques concernant Quiz hivernal de Géographie

Cliquez ici pour prendre le quiz!

Statistiques générales

  • Ce quiz a été pris 788 fois
  • Le résultat moyen est 13 sur 20

Statistiques - réponses

IndiceRéponse% Correct
Ville qui accueille le plus grand marché de Noël en FranceStrasbourg
93%
Dans ce pays, le nouvel an aura lieu le 22 janvier et sera associé au lapinChine
88%
Région du nord de l'Europe, ce serait là que vit le Père NoëlLaponie
88%
Premier mois de l'hiver dans l'hémisphère sudJuin
87%
Fête entre l'Épiphanie et le Mardis Gras, dont les plus connus se déroulent à Venise ou à RioCarnaval
85%
Continent avec les températures moyennes les plus froidesAntarctique
81%
Plat d'origine suisse à base de fromage qui se mange dans un "caquelon"Fondue
77%
Chaîne de montagnes autour de la ville de KatmandouHimalaya
76%
Station de ski française avec plus de 1M de visiteurs annuelsLa Plagne, Val Thorens, Courchevel...
76%
Principal ethnie du GroenlandInuit
75%
Détroit qui, quand il est glacé permet de se rendre en Russie depuis
les États-Unis
Détroit de Béring
69%
Ville dans laquelle Jésus serait né un 25 décembreBethléem
64%
Ville qui a accueillit les derniers Jeux Olympiques d'HiverPékin
56%
Nom donné à un sol gelé en permanence (ou à - de 0°C)Pergélisol
56%
Il est possible de faire du patin sur ce fleuve glacé à MontréalSaint-Laurent
55%
Département dans lequel se trouve la "Mer de Glace"Haute-Savoie
47%
Cette ville abrite le Palais d'Hiver qui contient le musée de l'ErmitageSaint-Pétersbourg
47%
Mot d'origine russe donné aux forêts boréalesTaïga
45%
Premier producteur mondial de laine, pourtant il n'y fait pas très froid!Australie
39%
Volcan indonésien qui a provoqué un hiver volcanique en 1883Krakatoa
33%

Distribution des résultats

Percentile par nombre de réponses

% des personnes avec chaque résultat

Votre développement - résultats

Vous n’avez pas pris ce quiz